| 000 | 00455nam a2200133Ia 4500 | ||
|---|---|---|---|
| 008 | 211109s9999||||xx |||||||||||||| ||und|| | ||
| 082 |
_a894.812 _bPRA-V |
||
| 100 | _aPrabodachandran, V R | ||
| 245 | 0 | _aVivarthanathinte Bhashassastra Bhumika | |
| 260 |
_bUnknown Publisher _aNo Place _c2012 |
||
| 630 | _xgeneral stack | ||
| 650 |
_a Literature & rhetoric _vLiteratures of other languages _xAltaic, Uralic, Hyperborean & Dravidian Generalia |
||
| 942 | _cBOOK | ||
| 999 |
_c64812 _d64812 |
||